| 000 | 00368nam a2200145Ia 4500 | ||
|---|---|---|---|
| 008 | 150201s1994 xx 000 0 und d | ||
| 082 |
_a611 _bH1994K |
||
| 100 | _aKHURANA,N.D. | ||
| 245 | _aHANDBOOK OF HUMAN MUSCLES | ||
| 250 | _a3RD | ||
| 260 |
_bJAYPEE MEDICAL PUBLISHER _aDARYAGANJ (NEW DELHI) _c1994 |
||
| 300 | _a1-175 | ||
| 650 | _aANATOMY | ||
| 942 |
_2ddc _cBK _01 |
||
| 999 |
_c2506 _d2506 |
||